<?xml version="1.0" encoding="UTF-8"?>
<collection xmlns="http://www.loc.gov/MARC21/slim">
    <record>
        <controlfield tag="001">66289</controlfield>
        <controlfield tag="005">20180223103808.0</controlfield>
        <datafield tag="037" ind1=" " ind2=" ">
            <subfield code="a">GDOC-2016-26502</subfield>
        </datafield>
        <datafield tag="041" ind1=" " ind2=" ">
            <subfield code="a">spa</subfield>
        </datafield>
        <datafield tag="100" ind1=" " ind2=" ">
            <subfield code="0">(orcid)0000-0001-9925-4470</subfield>
            <subfield code="1">102461</subfield>
            <subfield code="a">Verdejo Badal, Ana Jose</subfield>
        </datafield>
        <datafield tag="245" ind1="0" ind2="0">
            <subfield code="9">26502</subfield>
            <subfield code="a">Sociología y psicología social de la educación</subfield>
        </datafield>
        <datafield tag="260" ind1=" " ind2=" ">
            <subfield code="a">Zaragoza</subfield>
            <subfield code="b">Universidad de Zaragoza</subfield>
            <subfield code="c">2016-2017</subfield>
        </datafield>
        <datafield tag="520" ind1=" " ind2=" ">
            <subfield code="a">Breve presentación de la asignatura
Esta asignatura forma parte de la formación básica de los profesionales en magisterio y se encuentra ubicada en el segundo cuatrimestre del primer curso de esta titulación. Ofrece a los estudiantes el primer contacto con las aportaciones  de la Sociología y la Psicología Social al estudio y comprensión del hecho educativo. 
Programa de la asignatura
I.CAMBIOS SOCIALES Y SISTEMAS EDUCATIVOS
1. Sociedad de la Información y nuevos cambios educativos
2. Modelos de Familia y su influencia en educación
II. ANALISIS DE LOS ENFOQUES SOCIOLÓGICOS Y DE LA SOCIOLOGÍA DE LA EDUCACIÓN
1. El carácter científico de la sociología
2. Teorías sociológicas de la educación.
3. Cultura y socialización
III. DESIGUALDADES SOCIALES Y EDUCACIÓN
1. Multiculturalismo, racismo y escuela.
2. Coeducación, detección precoz de la violencia de género, sexismo y escuela</subfield>
            <subfield code="b"> </subfield>
        </datafield>
        <datafield tag="521" ind1=" " ind2=" ">
            <subfield code="9">117</subfield>
            <subfield code="a">Magisterio en Educación Infantil</subfield>
        </datafield>
        <datafield tag="540" ind1=" " ind2=" ">
            <subfield code="a">by-nc-sa</subfield>
            <subfield code="b">Creative Commons</subfield>
            <subfield code="c">3.0</subfield>
            <subfield code="u">http://creativecommons.org/licenses/by-nc-sa/3.0/</subfield>
        </datafield>
        <datafield tag="700" ind1=" " ind2=" ">
            <subfield code="0">(orcid)0000-0002-3212-4265</subfield>
            <subfield code="1">184780</subfield>
            <subfield code="a">Aguilar Bail, Amalia</subfield>
        </datafield>
        <datafield tag="700" ind1=" " ind2=" ">
            <subfield code="0">(orcid)0000-0003-4693-125X</subfield>
            <subfield code="1">383715</subfield>
            <subfield code="a">Cuadra Pérez, María Nieves Esperanza</subfield>
        </datafield>
        <datafield tag="700" ind1=" " ind2=" ">
            <subfield code="0">(orcid)0000-0002-1134-9377</subfield>
            <subfield code="1">388228</subfield>
            <subfield code="a">Bergua Amores, José Ángel</subfield>
        </datafield>
        <datafield tag="700" ind1=" " ind2=" ">
            <subfield code="0">(orcid)0000-0002-9269-8746</subfield>
            <subfield code="1">390776</subfield>
            <subfield code="a">Marco Esco, Manuel</subfield>
        </datafield>
        <datafield tag="700" ind1=" " ind2=" ">
            <subfield code="1">430160</subfield>
            <subfield code="a">Lira Rodríguez, Eva María</subfield>
        </datafield>
        <datafield tag="830" ind1=" " ind2=" ">
            <subfield code="9">303</subfield>
        </datafield>
        <datafield tag="830" ind1=" " ind2=" ">
            <subfield code="9">301</subfield>
        </datafield>
        <datafield tag="830" ind1=" " ind2=" ">
            <subfield code="9">302</subfield>
        </datafield>
        <datafield tag="856" ind1="4" ind2=" ">
            <subfield code="s">17408</subfield>
            <subfield code="u">http://zaguan.unizar.es/record/66289/files/guia-26502-es.pdf</subfield>
            <subfield code="y">Guía (idioma español)</subfield>
        </datafield>
        <datafield tag="856" ind1="4" ind2=" ">
            <subfield code="s">6736</subfield>
            <subfield code="u">http://zaguan.unizar.es/record/66289/files/guia-26502-en.pdf</subfield>
            <subfield code="y">Guide (english)</subfield>
        </datafield>
        <datafield tag="970" ind1=" " ind2=" ">
            <subfield code="a">GDOC-2016-26502</subfield>
        </datafield>
        <datafield tag="980" ind1=" " ind2=" ">
            <subfield code="a">GDOC</subfield>
            <subfield code="b">Ciencias sociales y jurídicas</subfield>
            <subfield code="c">107</subfield>
        </datafield>
        <datafield tag="980" ind1=" " ind2=" ">
            <subfield code="a">GDOC</subfield>
            <subfield code="b">Ciencias sociales y jurídicas</subfield>
            <subfield code="c">202</subfield>
        </datafield>
        <datafield tag="980" ind1=" " ind2=" ">
            <subfield code="a">GDOC</subfield>
            <subfield code="b">Ciencias sociales y jurídicas</subfield>
            <subfield code="c">301</subfield>
        </datafield>
    </record>

    
</collection>